| 000 | 00663cam a2200217 4500500 | ||
|---|---|---|---|
| 005 | 20260329002842.0 | ||
| 041 | _afre | ||
| 042 | _adc | ||
| 100 | 1 | 0 |
_aPortevin, Catherine _eauthor |
| 245 | 0 | 0 | _aLe Propre et le Sale. L’hygiène du corps depuis le Moyen Âge |
| 260 | _c2013. | ||
| 500 | _a66 | ||
| 690 | _aEau | ||
| 690 | _aGeorges Vigarello | ||
| 690 | _aHygiène | ||
| 690 | _aMédecine | ||
| 690 | _aMoyen Âge | ||
| 690 | _aPhilippe Garnier | ||
| 786 | 0 | _nPhilosophie magazine | 75 | 12 | 2013-12-01 | p. 80-80 | 1951-1787 | |
| 856 | 4 | 1 | _uhttps://shs.cairn.info/magazine-philosophie-magazine-2013-12-page-80?lang=fr&redirect-ssocas=7080 |
| 999 |
_c1818998 _d1818998 |
||